Statistics for IMDb’s Top 25 Stars of All Time

Click here to take the quiz!

General Stats

  • This quiz has been taken 91 times
    (72 since last reset)
  • The average score is 8 of 25

Answer Stats

HintAnswer% Correct
2Brad Pitt
85%
10Leonardo DiCaprio
70%
25Tom Hanks
69%
6Tom Cruise
52%
8Jennifer Lawrence
51%
1Johnny Depp
51%
3Angelina Jolie
49%
14Christian Bale
48%
4Natalie Portman
30%
12Bruce Willis
27%
7Orlando Bloom
27%
13Emma Watson
25%
22Heath Ledger
25%
18Keira Knightley
25%
11Kristen Stewart
24%
23Russell Crowe
24%
15Scarlett Johansson
22%
19Megan Fox
18%
9Robert Pattinson
18%
21Tom Hardy
15%
20Vin Diesel
15%
17Jessica Alba
9%
5Pamela Anderson
7%
16Lindsay Lohan
3%
24Shailene Woodley
1%

Score Distribution

Percentile by Number Answered

Percent of People with Each Score

Your Score History

You have not taken this quiz since the last reset